10 najludniejszych miast na podkarpaciu - Statystyki

Ogólne statystyki
  • Ten quiz został rozwiązany 44 razy
  • Średni wynik to 9 z 10
Statystyki odpowiedzi
Hint Odpowiedź % Poprawnych
187 000 Rzeszów
100%
55 600 Mielec
95%
43 100 Krosno
93%
54 200 Przemyśl
93%
34 000 Sanok
88%
42 200 Dębica
86%
53 800 Stalowa wola
86%
43 000 Tarnobrzeg
81%
32 500 Jasło
76%
36 000 Jarosław
69%
Nie znaleziono quizów pasujących do podanych kryteriów
Rozkład punktacji
Procent ludzi z każdym wynikiem
Percentyl według liczby udzielonych odpowiedzi
Twoja historia wyników
Nie rozwiązałeś tego quizu